Statistiques concernant Devinez le Département Mystère #56

Cliquez ici pour prendre le quiz!

Statistiques générales

  • Ce quiz a été pris 125 fois
  • Le résultat moyen est 25 sur 33

Statistiques - réponses

Type de RéponseRéponse% Correct
Lettre de l'AlphabetA
99%
Lettre TrouvéeE
99%
Lettre de l'AlphabetI
99%
Lettre de l'AlphabetN
99%
Lettre de l'AlphabetR
99%
Lettre TrouvéeO
98%
Lettre de l'AlphabetD
96%
Lettre de l'AlphabetL
95%
Lettre TrouvéeS
95%
Lettre de l'AlphabetT
92%
Lettre de l'AlphabetH
91%
Lettre de l'AlphabetU
90%
Lettre de l'AlphabetC
86%
Lettre de l'AlphabetM
85%
Lettre TrouvéeV
82%
Lettre de l'AlphabetB
79%
Lettre TrouvéeG
76%
Lettre de l'AlphabetP
76%
Lettre Bien PlacéeE
70%
Lettre de l'AlphabetZ
70%
Lettre de l'AlphabetY
69%
Lettre Bien PlacéeO
66%
Lettre de l'AlphabetF
65%
Lettre de l'AlphabetJ
61%
Lettre Bien PlacéeV
61%
Lettre de l'AlphabetX
58%
Lettre Bien PlacéeS
57%
Lettre de l'AlphabetQ
56%
Lettre Bien PlacéeG
55%
Lettre de l'AlphabetK
55%
Lettre Bien PlacéeS
55%
Département MystèreVosges
55%
Lettre de l'AlphabetW
55%

Distribution des résultats

Percentile par nombre de réponses

% des personnes avec chaque résultat

Votre développement - résultats

Vous n’avez pas pris ce quiz